Normal view
MARC view
- Autry J A
Entry Personal Name
001 - CONTROL NUMBER
- control field: 214990
003 - CONTROL NUMBER IDENTIFIER
- control field: OSt
005 - DATE AND TIME OF LATEST TRANSACTION
- control field: 20251118114541.0
008 - FIXED-LENGTH DATA ELEMENTS
- fixed length control field: 251118|| aca||aabn | a|a d
040 ## - CATALOGING SOURCE
- Original cataloging agency: OSt
- Transcribing agency: OSt
100 ## - HEADING--PERSONAL NAME
- Personal name: Autry J A
670 ## - SOURCE DATA FOUND
- Source citation: Work cat.: (OSt)87787: Autry J A, Life and work, 1994